[Event "25th Czech Open A 2014"]
[Site "Pardubice CZE"]
[Date "2014.07.20"]
[Round "3.46"]
[White "Yuferev, Oleg"]
[Black "Cvek, Robert"]
[Result "0-1"]
[WhiteTitle "FM"]
[BlackTitle "GM"]
[WhiteElo "2270"]
[BlackElo "2516"]
[WhiteFideId "4131720"]
[BlackFideId "307424"]
[EventDate "2014.07.18"]

1. Nf3 c5 2. c4 Nc6 3. d4 cxd4 4. Nxd4 Nf6 5. Nc3 e6 6. a3 Bc5 7. Nb3 Bb6 8. e4
O-O 9. Be2 d6 10. O-O a5 11. Bg5 h6 12. Bh4 g5 13. Bg3 e5 14. Kh1 a4 15. Nd2 Nd4
16. Bd3 Bd7 17. Rc1 Bc5 18. Nd5 Kg7 19. Nb1 Nb3 20. Rc2 Nxd5 21. cxd5 Rc8 22. f3
Nd4 23. Rd2 b5 24. Be1 Qb6 25. Nc3 Rc7 26. Na2 Rfc8 27. Rdf2 Nb3 28. Rc2 Bd4 29.
Rxc7 Rxc7 30. Bc3 Bxc3 31. Nxc3 b4 32. axb4 Qxb4 33. Bc2 Nc5 34. Qa1 Rb7 35. Rb1
Qd4 36. Rd1 Qf2 37. Qc1 Rb8 38. h3 a3 39. bxa3 Bxh3 40. Rg1 Rc8 41. Qd1 Nb3 42.
Ne2 Nc1 43. Bd3 Bd7 0-1

[Event "25th Czech Open A 2014"]
[Site "Pardubice CZE"]
[Date "2014.07.20"]
[Round "3.47"]
[White "Sivuk, Vitaly"]
[Black "Musaev, Rasul"]
[Result "1/2-1/2"]
[WhiteTitle "IM"]
[BlackTitle "FM"]
[WhiteElo "2483"]
[BlackElo "2281"]
[WhiteFideId "14116502"]
[BlackFideId "24146870"]
[EventDate "2014.07.18"]

1. e4 e6 2. d4 d5 3. Nc3 Nf6 4. e5 Nfd7 5. f4 c5 6. Nf3 Nc6 7. Be3 Be7 8. Qd2
O-O 9. Be2 b6 10. O-O f6 11. exf6 Nxf6 12. Bb5 Bd7 13. Bxc6 Bxc6 14. Ne5 Be8 15.
Qf2 Rc8 16. Qg3 Nd7 17. Qg4 Nxe5 18. fxe5 Rxf1+ 19. Rxf1 Qd7 20. Ne2 Bg6 21. c3
Bd3 22. Bh6 Bf8 23. Rf2 Bxe2 24. Rxe2 cxd4 25. cxd4 Rc7 26. h4 Qc8 27. h5 Rf7
28. Bg5 Kh8 29. Re1 Rf5 30. Rc1 Qd7 31. h6 g6 32. Qh4 Kg8 33. g4 Rf7 34. Bf6 Qa4
35. Qf2 Bxh6 36. g5 Bf8 37. b3 Qb5 38. Qe3 Qd7 39. Qc3 Qb5 40. Rc2 Bb4 41. Qh3
Bf8 42. Kf2 Qb4 43. Qd3 Qa5 44. Ke2 Qb4 45. Kd1 Qa5 46. Rh2 Bg7 47. Rc2 Bf8 48.
a4 Qb4 49. Rc6 Qa3 50. Qb1 Qb4 51. Qd3 Qa3 52. Qb1 Qb4 53. Qd3 1/2-1/2

[Event "25th Czech Open A 2014"]
[Site "Pardubice CZE"]
[Date "2014.07.20"]
[Round "3.48"]
[White "Lalic, Bogdan"]
[Black "Meissner, Felix"]
[Result "1-0"]
[WhiteTitle "GM"]
[BlackTitle "FM"]
[WhiteElo "2482"]
[BlackElo "2263"]
[WhiteFideId "409081"]
[BlackFideId "24671827"]
[EventDate "2014.07.18"]

1. d4 e6 2. c4 Bb4+ 3. Nd2 d5 4. Nf3 Nf6 5. Qa4+ Nc6 6. a3 Be7 7. e3 O-O 8. b4
dxc4 9. Nxc4 Nd5 10. Qc2 a6 11. Bd3 h6 12. O-O Nb6 13. Nce5 Nxe5 14. Nxe5 Nd7
15. f4 Nxe5 16. fxe5 Bd7 17. Bh7+ Kh8 18. Be4 Qb8 19. Bd2 Bb5 20. Rf2 f5 21.
exf6 Rxf6 22. Rxf6 Bxf6 23. Rc1 c6 24. Qd1 a5 25. bxa5 Qf8 26. Bb4 Qf7 27. Qf3
Rd8 28. h3 Rd7 29. Qg3 Qe8 30. Bg6 Qd8 31. Qg4 Bg5 32. Qxe6 Rxd4 33. Be7 Qd7 34.
Qe5 Rd1+ 35. Rxd1 Qxd1+ 36. Kh2 Bxe7 37. Qxe7 Qd5 38. Bf7 1-0

[Event "25th Czech Open A 2014"]
[Site "Pardubice CZE"]
[Date "2014.07.20"]
[Round "3.49"]
[White "Pfretzschner, Roland"]
[Black "Alekseenko, Kirill"]
[Result "0-1"]
[WhiteTitle "FM"]
[BlackTitle "FM"]
[WhiteElo "2256"]
[BlackElo "2468"]
[WhiteFideId "4612086"]
[BlackFideId "4135539"]
[EventDate "2014.07.18"]

1. e4 c5 2. Nf3 Nc6 3. Bb5 e6 4. O-O Nge7 5. Nc3 Nd4 6. Nxd4 cxd4 7. Ne2 a6 8.
Ba4 b5 9. Bb3 Nc6 10. d3 Bb7 11. Ng3 h5 12. f4 h4 13. Nh1 g6 14. Qg4 Qc7 15. Bd2
O-O-O 16. Nf2 f5 17. Qe2 Bc5 18. Kh1 Kb8 19. Nh3 Rc8 20. c3 dxc3 21. bxc3 fxe4
22. dxe4 Na5 23. Rac1 Qc6 24. Rfe1 Ba3 25. Rc2 Ka8 26. Ng5 Nc4 27. h3 Rhf8 28.
Nf3 Nxd2 29. Qxd2 Qc7 30. e5 Be7 31. a4 bxa4 32. Bxa4 Qc4 33. Qxd7 Rxf4 34. Rb2
Rc7 35. Qe8+ Ka7 36. Rxb7+ Rxb7 37. Bc6 Rf8 38. Ba4 Rc7 0-1

[Event "25th Czech Open A 2014"]
[Site "Pardubice CZE"]
[Date "2014.07.20"]
[Round "3.50"]
[White "Gruenter, Martin"]
[Black "Firat, Burak"]
[Result "0-1"]
[BlackTitle "IM"]
[WhiteElo "2249"]
[BlackElo "2458"]
[WhiteFideId "24640352"]
[BlackFideId "6305881"]
[EventDate "2014.07.18"]

1. e4 e6 2. d4 d5 3. Nc3 Nf6 4. Bg5 Be7 5. e5 Nfd7 6. Bxe7 Qxe7 7. f4 a6 8. Nf3
Nb6 9. Qd2 Bd7 10. O-O-O Bb5 11. Bd3 Nc6 12. Kb1 Bxd3 13. cxd3 O-O-O 14. Qe3 f6
15. exf6 gxf6 16. Rde1 Rhe8 17. Qf2 Qf7 18. f5 e5 19. dxe5 fxe5 20. Ng5 Qf6 21.
h4 h6 22. Nh3 Rg8 23. Rhf1 Rg4 24. g3 Rdg8 25. Ne2 Rb4 26. a3 Rb3 27. Kc2 Rb5
28. Nc3 Nd4+ 29. Kb1 Rb3 30. Ka2 a5 31. Ng1 a4 32. Nge2 Nxe2 33. Qxe2 e4 34.
dxe4 Nc4 35. Nxa4 Rgxg3 36. exd5 b5 37. Qe8+ Kb7 38. Qc6+ Qxc6 39. dxc6+ Ka7 40.
Rf4 Rbf3 41. Rxc4 bxc4 42. Re7 Rf1 43. Rxc7+ Ka6 44. Rb7 Rgg1 45. Nc5+ Ka5 46.
b4+ cxb3+ 47. Nxb3+ Ka6 48. Nc5+ Ka5 49. c7 Ra1+ 50. Kb3 Rgc1 51. Ra7+ Kb6 52.
Rb7+ Ka5 53. Nd3 Rab1+ 54. Nb2 Ka6 55. Rb4 Rxc7 56. Ka2 Rf1 57. Re4 Rf2 58. Re6+
Ka7 59. f6 Rb7 60. f7 Rfxb2+ 0-1

[Event "25th Czech Open A 2014"]
[Site "Pardubice CZE"]
[Date "2014.07.20"]
[Round "3.51"]
[White "Setyaki, Azarya Jodi"]
[Black "Malakhov, Igor"]
[Result "0-1"]
[WhiteTitle "CM"]
[BlackTitle "IM"]
[WhiteElo "2231"]
[BlackElo "2454"]
[WhiteFideId "7101589"]
[BlackFideId "4183088"]
[EventDate "2014.07.18"]

1. e4 c5 2. Nf3 e6 3. d4 cxd4 4. Nxd4 a6 5. Bd3 Ne7 6. Nc3 Nbc6 7. Be3 Nxd4 8.
Bxd4 Nc6 9. Be3 Be7 10. O-O O-O 11. Be2 b5 12. f4 Bb7 13. Bf3 Na5 14. Bd4 Rc8
15. e5 d6 16. Bxb7 Nxb7 17. Qf3 dxe5 18. Bxe5 Qb6+ 19. Kh1 Nd6 20. Rad1 Nf5 21.
Rd7 f6 22. g4 Nh4 23. Bd4 Qxd4 24. Rxd4 Nxf3 25. Rxf3 b4 26. Na4 Rxc2 27. Rd7
Rd8 28. Rfd3 Rxd7 29. Rxd7 Kf8 30. Ra7 Bd6 31. Rxa6 Bxf4 32. Rxe6 Rxh2+ 33. Kg1
Rh4 34. Re4 Rxg4+ 35. Kf1 h5 36. Rxb4 h4 37. Nc5 h3 38. Nd3 h2 39. Nf2 Rg1+ 40.
Ke2 Rg2 0-1

[Event "25th Czech Open A 2014"]
[Site "Pardubice CZE"]
[Date "2014.07.20"]
[Round "3.52"]
[White "Yilmazyerli, Mert"]
[Black "Bartos, Jan"]
[Result "1-0"]
[WhiteTitle "FM"]
[BlackTitle "FM"]
[WhiteElo "2452"]
[BlackElo "2243"]
[WhiteFideId "6305962"]
[BlackFideId "315060"]
[EventDate "2014.07.18"]

1. e4 e5 2. Nc3 Nf6 3. Nf3 Nc6 4. g3 d5 5. exd5 Nxd5 6. Bg2 Nxc3 7. bxc3 Bc5 8.
O-O O-O 9. Re1 Qf6 10. Rb1 Bb6 11. d3 Rb8 12. Bg5 Qd6 13. Nd2 Qg6 14. Be3 Bxe3
15. Rxe3 Bg4 16. Qc1 f6 17. Qa3 Qe8 18. Qc5 Bd7 19. d4 Qc8 20. Nc4 exd4 21. cxd4
Re8 22. Be4 Kh8 23. Rbe1 f5 24. Bxc6 Rxe3 25. Rxe3 Bxc6 26. d5 f4 27. Re7 Qg4
28. dxc6 Qd1+ 29. Kg2 f3+ 30. Kh3 Qf1+ 31. Kh4 g5+ 32. Kg4 h5+ 33. Kxg5 Rg8+ 34.
Kh6 1-0

[Event "25th Czech Open A 2014"]
[Site "Pardubice CZE"]
[Date "2014.07.20"]
[Round "3.53"]
[White "Mishin, Alexei"]
[Black "Sergeev, Vladimir"]
[Result "1-0"]
[BlackTitle "GM"]
[WhiteElo "2228"]
[BlackElo "2447"]
[WhiteFideId "4157940"]
[BlackFideId "14101076"]
[EventDate "2014.07.18"]

1. d4 d6 2. Nc3 g6 3. e4 a6 4. f4 Nd7 5. Nf3 Bg7 6. Bc4 e6 7. f5 Nb6 8. Bb3 exf5
9. O-O Ne7 10. Ng5 d5 11. exd5 O-O 12. Qf3 h6 13. Nh3 g5 14. Bxg5 hxg5 15. Nxg5
Qd6 16. Rae1 Bxd4+ 17. Kh1 Kg7 18. Rxe7 Qxe7 19. Qg3 Kh6 20. Qh4+ Kg6 21. Qxd4
Qxg5 22. Rf3 Re8 23. h3 f4 24. Rxf4 Qe5 25. Qd3+ Bf5 26. Qg3+ Kf6 27. Ne4+ Ke7
28. d6+ cxd6 29. Rxf5 Qxg3 30. Rxf7+ Kd8 31. Nxg3 Re7 32. Rf6 Kc7 33. h4 Rh8 34.
h5 Nd7 35. Rf4 Rg7 36. Kh2 Ne5 37. Kh3 Kd7 38. Bd5 Nc6 39. Bf3 Kc7 40. Nf5 Rf7
41. g4 Ne5 42. Bd5 Rff8 43. Kg3 b5 44. a4 Rb8 45. axb5 Rxb5 46. Bb3 a5 47. Rd4
Nc6 48. Rc4 Rb4 49. Rxb4 axb4 50. h6 Ne5 51. g5 Kd7 52. Kh4 Ng6+ 53. Kh5 Nf4+
54. Kg4 Ng6 55. Ne3 d5 56. Nxd5 Kd6 57. Kh5 Nf4+ 58. Nxf4 1-0

[Event "25th Czech Open A 2014"]
[Site "Pardubice CZE"]
[Date "2014.07.20"]
[Round "3.54"]
[White "Farid, Firman Syah"]
[Black "Szotkowski, Jakub"]
[Result "1-0"]
[WhiteTitle "IM"]
[WhiteElo "2401"]
[BlackElo "2240"]
[WhiteFideId "7102526"]
[BlackFideId "330590"]
[EventDate "2014.07.18"]

1. d4 Nf6 2. Nf3 c5 3. d5 d6 4. Nc3 g6 5. e4 Bg7 6. Be2 O-O 7. O-O Na6 8. h3 Nc7
9. a4 Bd7 10. Bf4 a6 11. e5 Nfe8 12. a5 Bb5 13. Re1 dxe5 14. Bxe5 Bxe5 15. Nxe5
Nf6 16. Bf3 Qd6 17. Qc1 Rad8 18. Qf4 c4 19. Rad1 Nd7 20. Qd4 Qb4 21. Ne4 f6 22.
Nxd7 Bxd7 23. Qc5 Qxc5 24. Nxc5 Kf7 25. Rxe7+ Kxe7 26. d6+ Ke8 27. dxc7 Rc8 28.
Re1+ Kf7 29. Nxd7 1-0

[Event "25th Czech Open A 2014"]
[Site "Pardubice CZE"]
[Date "2014.07.20"]
[Round "3.55"]
[White "Potapov, Alexander1"]
[Black "Gergel, Vladimir P"]
[Result "1-0"]
[WhiteTitle "GM"]
[BlackTitle "FM"]
[WhiteElo "2399"]
[BlackElo "2227"]
[WhiteFideId "4115074"]
[BlackFideId "14100550"]
[EventDate "2014.07.18"]

1. d4 d5 2. c4 c6 3. Bf4 e6 4. e3 Ne7 5. Nc3 Ng6 6. Bg3 h5 7. h4 Be7 8. Nf3 Nd7
9. Bd3 dxc4 10. Bxg6 fxg6 11. Qc2 Kf7 12. Ne4 Qa5+ 13. Kf1 Qf5 14. Nfg5+ Ke8 15.
Qxc4 Nf6 16. Nc3 Ng4 17. Nf3 Qc2 18. Ne1 Qxb2 19. Rb1 Qd2 20. Kg1 Nf6 21. Rd1
Qb2 22. Qd3 Kf7 23. Nf3 Ng4 24. Ne5+ Nxe5 25. Bxe5 Qa3 26. Rh3 Rh6 27. Rf3+ Kg8
28. Bf4 Rh7 29. Qxg6 Bd7 30. Bg5 Bxg5 31. hxg5 Rf8 32. Ne4 Be8 33. Qxe6+ Kh8 34.
Nd6 1-0

[Event "25th Czech Open A 2014"]
[Site "Pardubice CZE"]
[Date "2014.07.20"]
[Round "3.56"]
[White "Bibik, Jura"]
[Black "Grekh, Andrey"]
[Result "0-1"]
[WhiteTitle "IM"]
[BlackTitle "IM"]
[WhiteElo "2228"]
[BlackElo "2396"]
[WhiteFideId "4113071"]
[BlackFideId "14112418"]
[EventDate "2014.07.18"]

1. d4 Nf6 2. Nf3 c5 3. e3 d5 4. b3 cxd4 5. exd4 Nc6 6. Bb2 Bg4 7. a3 e6 8. Be2
Be7 9. O-O O-O 10. Nbd2 Rc8 11. c4 a5 12. Ne5 Bxe2 13. Qxe2 a4 14. Nxc6 Rxc6 15.
bxa4 Qa5 16. Rfc1 Qxa4 17. Rc3 Rb6 18. Rb1 Rc8 19. cxd5 Rxc3 20. Bxc3 Rxb1+ 21.
Nxb1 Nxd5 22. Bb2 Qb3 23. g3 h6 24. Qd2 Nb6 25. Qc1 Nc4 26. Bc3 Bxa3 27. Nxa3
Qxa3 28. Qxa3 Nxa3 29. Kf1 Nb5 30. Bb2 Nc7 31. Ke2 Nd5 32. Kd3 b5 33. Ba3 f5 34.
Bd6 h5 35. h4 Kf7 36. Kc2 g6 37. Kd3 Ke8 38. Kc2 Kd7 39. Bf8 Kc6 40. Kd3 Nf6 41.
Bb4 Kd5 42. Ba5 Ne4 43. Be1 Nd6 44. Bb4 Nb7 45. Bd2 Nd8 46. Bb4 Nc6 47. Bc3 b4
48. Bb2 e5 49. dxe5 Nxe5+ 50. Bxe5 Kxe5 0-1

[Event "25th Czech Open A 2014"]
[Site "Pardubice CZE"]
[Date "2014.07.20"]
[Round "3.57"]
[White "Semenova, Elena1"]
[Black "Manik, Mikulas"]
[Result "0-1"]
[WhiteTitle "WIM"]
[BlackTitle "GM"]
[WhiteElo "2215"]
[BlackElo "2394"]
[WhiteFideId "24125148"]
[BlackFideId "14900734"]
[EventDate "2014.07.18"]

1. e4 c5 2. Nf3 d6 3. d4 cxd4 4. Nxd4 Nf6 5. Nc3 Nc6 6. Bc4 e6 7. Be3 a6 8. Bb3
Na5 9. O-O Qc7 10. Ba4+ Bd7 11. Bxd7+ Qxd7 12. Qe2 b5 13. Bg5 Be7 14. a4 b4 15.
Na2 Qb7 16. Bd2 d5 17. exd5 Qxd5 18. Nf3 Qb7 19. Ne5 Rc8 20. c3 Nb3 21. Rad1
Nxd2 22. Rxd2 bxc3 23. Nxc3 O-O 24. Rfd1 Bb4 25. Rd3 Bxc3 26. Rxc3 Rxc3 27. bxc3
Qb3 28. Nd7 Nxd7 29. Rxd7 Qxa4 30. Ra7 a5 31. h3 Qa1+ 32. Kh2 Qxc3 33. Qa2 Qd4
34. Rxa5 g6 35. Qe2 Rc8 36. Rb5 h5 37. Qb2 Qd3 38. Rb7 Qd6+ 39. Kg1 h4 40. Rb4
Rc1+ 41. Qxc1 Qxb4 42. Qe3 Qb1+ 43. Kh2 Qf5 44. Qd4 g5 45. Qd1 Qxf2 46. Qd8+ Kh7
47. Qxg5 f6 48. Qg4 e5 49. Qh5+ Kg7 50. Qe8 Qd4 51. Qe7+ Kg6 52. Qe8+ Kg5 53.
Qg8+ Kf4 54. Qg4+ Ke3 55. Qf3+ Kd2 56. Qxf6 Ke1 57. Kh1 Qe4 58. Kg1 Qe3+ 59. Kh1
e4 60. Qxh4+ Kd1 61. Qh5+ Qe2 62. Qd5+ Qd3 63. Qf5 Qd4 64. Qg4+ Kd2 65. Qf4+ Kd3
66. Qf1+ Kd2 67. Qf4+ Qe3 68. Qd6+ Qd3 69. Qb4+ Ke2 70. Qb2+ Qd2 71. Qb5+ Ke1
72. Qb1+ Kf2 73. Qb6+ e3 74. Qf6+ Ke1 75. Qh4+ Kf1 76. Qg4 e2 77. Qc4 Qe3 78.
Kh2 Qf2 79. Kh1 0-1

[Event "25th Czech Open A 2014"]
[Site "Pardubice CZE"]
[Date "2014.07.20"]
[Round "3.58"]
[White "Satyapragyan, Swayangsu"]
[Black "Raghavi, N."]
[Result "1-0"]
[WhiteTitle "IM"]
[BlackTitle "WIM"]
[WhiteElo "2393"]
[BlackElo "2227"]
[WhiteFideId "5004306"]
[BlackFideId "5017173"]
[EventDate "2014.07.18"]

1. d4 Nf6 2. Bg5 e6 3. Nd2 h6 4. Bh4 d5 5. Ngf3 c5 6. e3 Nc6 7. c3 Bd6 8. Bd3 e5
9. dxe5 Nxe5 10. Nxe5 Bxe5 11. Nf3 Qd6 12. Nxe5 Qxe5 13. Bb5+ Nd7 14. Qa4 a6 15.
O-O Qe4 16. Qxe4+ dxe4 17. Be2 Ne5 18. Rfd1 Be6 19. Bg3 f6 20. Rd6 Ke7 21. Rb6
Bd5 22. Bxe5 fxe5 23. Rg6 Rhg8 24. c4 Be6 25. Bg4 Bxc4 26. Rc1 b5 27. Rc6 Rgd8
28. b3 Bd5 29. R6xc5 Rd6 30. h4 Rad8 31. Rc7+ Kf6 32. R1c5 Rb8 33. Ra7 Rf8 34.
Rcc7 Rf7 35. Rxf7+ Bxf7 36. Bc8 b4 37. Bb7 Bg6 38. Bxa6 Rd1+ 39. Kh2 Rd2 40. Bc4
Be8 41. Kg3 Bd7 42. Rb7 Bc8 43. Rxb4 Rxa2 44. Rb8 Bf5 45. Rb6+ Ke7 46. Rb7+ 1-0

[Event "25th Czech Open A 2014"]
[Site "Pardubice CZE"]
[Date "2014.07.20"]
[Round "3.59"]
[White "Marek, Matyas"]
[Black "Sergeyev, Alexander"]
[Result "0-1"]
[BlackTitle "FM"]
[WhiteElo "2211"]
[BlackElo "2389"]
[WhiteFideId "335398"]
[BlackFideId "13702076"]
[EventDate "2014.07.18"]

1. Nf3 d5 2. c4 e6 3. g3 dxc4 4. Qa4+ Nd7 5. Bg2 c5 6. O-O Nf6 7. Rd1 a6 8. Nc3
Be7 9. Qxc4 b5 10. Qb3 Bb7 11. d4 c4 12. Qc2 Rc8 13. a3 Qb6 14. e4 a5 15. e5 Nd5
16. Ne4 h6 17. g4 Nf8 18. Nc5 Bxc5 19. dxc5 Rxc5 20. Nd2 Ng6 21. Ne4 Nxe5 22.
Nxc5 Qxc5 23. b4 axb4 24. axb4 Nxb4 25. Qd2 Nd5 26. Ba3 Qc7 27. Qd4 f6 28. f4
Nxg4 29. Bxd5 Bxd5 30. Bd6 Qxd6 31. Ra8+ Kf7 32. Rxh8 Qa3 33. Rd8 Qh3 34. Rd2
Ne3 35. Rd7+ Ke8 36. Rd8+ Kxd8 37. Qb6+ Ke7 38. Qc7+ Kf8 39. Qd8+ Kf7 40. Qd7+
Kg8 41. Qe8+ Kh7 0-1

[Event "25th Czech Open A 2014"]
[Site "Pardubice CZE"]
[Date "2014.07.20"]
[Round "3.60"]
[White "Jasny, Stanislav"]
[Black "Pulpan, Jakub"]
[Result "1-0"]
[WhiteTitle "IM"]
[WhiteElo "2385"]
[BlackElo "2218"]
[WhiteFideId "311030"]
[BlackFideId "302759"]
[EventDate "2014.07.18"]

1. d4 Nf6 2. c4 e6 3. Nc3 Bb4 4. e3 c5 5. Bd3 Nc6 6. Nf3 O-O 7. O-O Bxc3 8. bxc3
d6 9. e4 e5 10. d5 Ne7 11. Nh4 Ne8 12. Qh5 Ng6 13. Nf5 Bxf5 14. Qxf5 Qf6 15. Rb1
b6 16. g3 Qxf5 17. exf5 Ne7 18. f4 f6 19. Rb2 Nc8 20. g4 Rf7 21. a4 Kf8 22. h4
Re7 23. Rg2 a6 24. g5 e4 25. Be2 Nc7 26. Re1 b5 27. a5 Rb8 28. Bf1 bxc4 29. Bxc4
Rb1 30. Bd2 Rxe1+ 31. Bxe1 Na7 32. Rb2 Nab5 33. Be2 e3 34. c4 Nd4 35. Bd3 Ne8
36. Rb6 Ra7 37. Kg2 Ke7 38. Bc3 Kd7 39. Bxd4 cxd4 40. Kf3 Kc8 41. Be2 Re7 42.
Rxa6 Kd7 43. c5 dxc5 44. Bb5+ 1-0

[Event "25th Czech Open A 2014"]
[Site "Pardubice CZE"]
[Date "2014.07.20"]
[Round "3.61"]
[White "Vokoun, Jan"]
[Black "Cerveny, Martin"]
[Result "0-1"]
[WhiteTitle "FM"]
[BlackTitle "FM"]
[WhiteElo "2195"]
[BlackElo "2375"]
[WhiteFideId "301647"]
[BlackFideId "321141"]
[EventDate "2014.07.18"]

1. Nf3 d5 2. g3 g6 3. c4 dxc4 4. Qa4+ c6 5. Qxc4 Nf6 6. b3 Bg7 7. Bb2 O-O 8. Bg2
a5 9. a3 Be6 10. Qc2 Qd5 11. b4 axb4 12. axb4 Na6 13. Ra4 b5 14. Nc3 Qd6 15. Ra1
Nxb4 16. Qb1 Bf5 17. d3 Bxd3 18. exd3 Nxd3+ 19. Ke2 Nxb2 20. Rxa8 Qe6+ 21. Kf1
Rxa8 22. Nd4 Qc4+ 23. Nce2 Rd8 24. Qxb2 c5 25. Bc6 cxd4 26. Qxb5 Qxb5 27. Bxb5
d3 28. Nf4 d2 29. Ke2 Bh6 30. Bd3 e5 31. Ng2 Nd5 32. Ne3 Bxe3 33. fxe3 e4 0-1

[Event "25th Czech Open A 2014"]
[Site "Pardubice CZE"]
[Date "2014.07.20"]
[Round "3.62"]
[White "Vrana, Jan"]
[Black "Amerkeshev, Madiyar"]
[Result "1-0"]
[WhiteTitle "FM"]
[WhiteElo "2374"]
[BlackElo "2211"]
[WhiteFideId "322369"]
[BlackFideId "13704222"]
[EventDate "2014.07.18"]

1. e4 e6 2. d4 b6 3. Nf3 Bb7 4. Bd3 c5 5. c3 Nf6 6. e5 Nd5 7. O-O cxd4 8. cxd4
Ba6 9. Nc3 Nxc3 10. bxc3 Qc8 11. Qe2 Bxd3 12. Qxd3 d5 13. exd6 Bxd6 14. Ng5 Nd7
15. Re1 Nf6 16. d5 O-O 17. dxe6 Qc7 18. exf7+ Kh8 19. g3 Bc5 20. Bf4 Qc6 21. Re6
Qd5 22. Qxd5 Nxd5 23. Be5 Be7 24. Ne4 Rxf7 25. Rd1 Rd8 26. c4 1-0

[Event "25th Czech Open A 2014"]
[Site "Pardubice CZE"]
[Date "2014.07.20"]
[Round "3.63"]
[White "Suran, Jan"]
[Black "Wittmann, Walter"]
[Result "1/2-1/2"]
[WhiteTitle "FM"]
[BlackTitle "IM"]
[WhiteElo "2368"]
[BlackElo "2196"]
[WhiteFideId "305782"]
[BlackFideId "1600060"]
[EventDate "2014.07.18"]

1. e4 c5 2. Nf3 Nc6 3. Bb5 d6 4. d4 cxd4 5. Qxd4 Qa5+ 6. Nc3 Qxb5 7. Nxb5 Nxd4
8. Nfxd4 Kd8 9. c4 Nf6 10. f3 g6 11. Be3 Bg7 12. Ke2 Bd7 13. Nb3 Bxb5 14. cxb5
Nd7 15. Na5 Bxb2 16. Rab1 Ba3 17. Rb3 Bc5 18. Nxb7+ Kc7 19. Nxc5 Nxc5 20. Rc1
Kb6 21. Bxc5+ 1/2-1/2

[Event "25th Czech Open A 2014"]
[Site "Pardubice CZE"]
[Date "2014.07.20"]
[Round "3.64"]
[White "Lehmann, Holger"]
[Black "Kourousis, Epaminondas"]
[Result "1/2-1/2"]
[WhiteElo "2185"]
[BlackElo "2364"]
[WhiteFideId "4620275"]
[BlackFideId "4211626"]
[EventDate "2014.07.18"]

1. d4 Nf6 2. c4 e6 3. Nc3 Bb4 4. Qc2 O-O 5. e4 d6 6. e5 Nfd7 7. exd6 cxd6 8. Bd3
Nf6 9. Bg5 h6 10. h4 Nc6 11. Nf3 d5 12. Be3 Be7 13. Qe2 Nb4 14. c5 Nxd3+ 15.
Qxd3 a5 16. a4 b6 17. c6 Bb4 18. O-O Bxc3 19. Qxc3 Qc7 20. Qc1 Ng4 21. Bf4 Qe7
22. Re1 Ba6 23. Qc2 1/2-1/2

[Event "25th Czech Open A 2014"]
[Site "Pardubice CZE"]
[Date "2014.07.20"]
[Round "3.65"]
[White "Lomasov, Semen"]
[Black "Sylvan, Jacob"]
[Result "1/2-1/2"]
[BlackTitle "FM"]
[WhiteElo "2182"]
[BlackElo "2356"]
[WhiteFideId "24164879"]
[BlackFideId "1402137"]
[EventDate "2014.07.18"]

1. e4 c5 2. Nf3 g6 3. d4 cxd4 4. Nxd4 Bg7 5. Nc3 Nc6 6. Be3 Nf6 7. Bc4 O-O 8.
Qd2 Nxe4 9. Nxe4 d5 10. Nxc6 bxc6 11. Bd3 dxe4 12. Bxe4 Qc7 13. O-O Bxb2 14. Bf4
e5 15. Rab1 exf4 16. Rxb2 Qe5 17. Rb4 Ba6 18. Bd3 Bxd3 19. Qxd3 Rad8 20. Qe4
Rfe8 21. Qxf4 Qe2 22. Qc4 Rd2 23. c3 Rxa2 24. g3 a5 25. Qxe2 Rexe2 26. Rf4 Re6
27. Rb1 Kg7 28. Rb7 Rf6 29. Rxf6 Kxf6 30. Rc7 a4 31. Rxc6+ Ke5 32. Ra6 a3 33.
Ra4 Kd5 34. h4 Kc5 35. Kg2 Kb5 36. Ra7 Kc4 37. g4 Kxc3 38. Rc7+ Kd2 39. Ra7 Ke1
40. Kg3 h6 41. f3 Kf1 42. Kf4 Kg2 43. Ra6 Ra1 44. h5 g5+ 45. Kf5 Rf1 46. Kf6
Kxf3 47. Kxf7 Kxg4+ 48. Kg6 Kh4 49. Kxh6 Rb1 50. Kg6 a2 51. Rxa2 Kg3 1/2-1/2

[Event "25th Czech Open A 2014"]
[Site "Pardubice CZE"]
[Date "2014.07.20"]
[Round "3.66"]
[White "Druska, Juraj"]
[Black "Rous, Daniel"]
[Result "1-0"]
[WhiteTitle "FM"]
[WhiteElo "2355"]
[BlackElo "2160"]
[WhiteFideId "14915650"]
[BlackFideId "338150"]
[EventDate "2014.07.18"]

1. e4 c5 2. Nf3 d6 3. d4 cxd4 4. Nxd4 Nf6 5. Nc3 a6 6. f4 e6 7. Qf3 Qc7 8. g4 b5
9. g5 Nfd7 10. Be3 b4 11. Nd5 exd5 12. exd5 Nc5 13. O-O-O Be7 14. h4 h5 15. Re1
Bg4 16. Qg2 O-O 17. Be2 Bxe2 18. Qxe2 Re8 19. Bd2 Nbd7 20. Nc6 Bf8 21. Qxh5 Ne4
22. Qf3 Nxd2 23. Kxd2 a5 24. h5 Rxe1 25. Rxe1 Nb6 26. h6 g6 27. Qe4 Kh7 28. Qd4
Rc8 29. Re7 Nc4+ 30. Kc1 Qxe7 31. Nxe7 Re8 32. Qxc4 Rxe7 33. Qc8 Kg8 34. h7+ 1-0

[Event "25th Czech Open A 2014"]
[Site "Pardubice CZE"]
[Date "2014.07.20"]
[Round "3.67"]
[White "Seegert, Kristian"]
[Black "Novotny, Michal"]
[Result "1-0"]
[BlackTitle "FM"]
[WhiteElo "2178"]
[BlackElo "2354"]
[WhiteFideId "1405098"]
[BlackFideId "310980"]
[EventDate "2014.07.18"]

1. e4 c5 2. Nf3 a6 3. c3 e6 4. d4 d5 5. exd5 Qxd5 6. Be3 cxd4 7. cxd4 Bd7 8. Nc3
Bb4 9. Bd3 Bb5 10. O-O Bxc3 11. bxc3 Nf6 12. c4 Bxc4 13. Bxc4 Qxc4 14. Rc1 1-0

[Event "25th Czech Open A 2014"]
[Site "Pardubice CZE"]
[Date "2014.07.20"]
[Round "3.68"]
[White "Schwarz, Dusan"]
[Black "Bjornsson, Tomas"]
[Result "1/2-1/2"]
[BlackTitle "FM"]
[WhiteElo "2352"]
[BlackElo "2144"]
[WhiteFideId "14903890"]
[BlackFideId "2300303"]
[EventDate "2014.07.18"]

1. d4 Nf6 2. c4 e6 3. Nc3 Bb4 4. f3 d5 5. a3 Be7 6. e4 dxe4 7. fxe4 e5 8. d5 Bg4
9. Be2 Bxe2 10. Qxe2 a5 11. Nf3 Nfd7 12. O-O Na6 13. Rb1 O-O 14. Bd2 Re8 15. Kh1
c6 16. Qe1 Nac5 17. Qg3 a4 18. Bh6 Bf6 19. Rbd1 Qe7 20. Nh4 Kh8 21. Nf5 Qf8 22.
Be3 Red8 23. Qf2 Nb3 24. dxc6 bxc6 25. Ne2 Ndc5 26. Neg3 Rxd1 27. Rxd1 Rd8 28.
Rxd8 Bxd8 29. Nxg7 Kxg7 30. Nf5+ Kh8 31. Bh6 Nxe4 32. Qe3 Bg5 33. Bxg5 Nxg5 34.
Qxg5 f6 35. Qh4 c5 36. Qe4 Nd4 37. g4 Qb8 38. h4 Nxf5 39. Qxf5 Qb7+ 40. Kg1 Qxb2
41. Qxf6+ Kg8 42. Qe6+ Kg7 43. Qe7+ Kg8 44. Qxc5 Qc1+ 45. Kg2 Qc2+ 46. Kf3 Qd3+
47. Qe3 Qf1+ 48. Kg3 Qxc4 49. Qxe5 Qd3+ 50. Kf4 Qxa3 51. Qe6+ Kg7 52. Qe5+ Kg8
53. Qe6+ Kg7 54. Qe5+ 1/2-1/2